Historia de la Filosofía: Filosofía antigua - Filosofía patrística - Filosofía escolástica

Enregistré dans:
Détails bibliographiques
Auteur principal: Abbagnano, Nicolás
Format: Livre
Langue:Spanish
Publié: Barcelona, España Montaner y Simón 1955
Sujets:
Tags: Ajouter un tag
Pas de tags, Soyez le premier à ajouter un tag!

MARC

LEADER 00000nam a2200000Ia 4500
008 170316s9999 xx 000 0 spa d
040 |a cru BVZT 
090 |a H-100 A-1h v.1 
100 |a Abbagnano, Nicolás 
245 |a Historia de la Filosofía: Filosofía antigua - Filosofía patrística - Filosofía escolástica   |c Nicolás Abbagnano; Juan Estelrich, traductor 
260 |a Barcelona, España 
260 |b Montaner y Simón 
260 |c 1955 
300 |a 513 páginas. Tomo I 
650 |a FILOSOFÍA  |9 5 
650 |a HISTORIA  |9 90 
650 |a FILOSOFÍA ANTIGUA 
650 |a FILOSOFÍA PATRÍSTICA 
650 |a FILOSOFÍA ESCOLÁSTICA 
999 |c 28860  |d 28860 
942 |c SALA  |h H-100 A-1h v.1  |2 z